Le Dynamisme créateur de Dieu. Essai sur la Théologie du Process

I tiakina i:
Ngā taipitopito rārangi puna kōrero
Kaituhi matua: Gounelle, André (auteur)
Hōputu: Tē mōhiotia
I whakaputaina: Paris, Francia: Van Dieren, Éditeur, 2000.
Putanga:Nouvelle édition, revue et augmentée
Ngā marau:
Ngā Tūtohu: Tāpirihia he Tūtohu
Kāore He Tūtohu, Me noho koe te mea tuatahi ki te tūtohu i tēnei pūkete!

MARC

LEADER 00000 a2200000 4500
003 CL-VaPUC
005 20240717160305.0
008 240625t2000 ||||| |||| 00| 0 eng d
999 |c 443578  |d 443576 
020 |a 978-2-911087-26-4 
040 |c Pontificia Universidad Católica de Valparaíso 
082 7 |2 22  |a 230.046 GOU 2000 
100 |a Gounelle, André  |e auteur  |9 888500 
245 |a Le Dynamisme créateur de Dieu.  |b Essai sur la Théologie du Process  |c . 
250 |a Nouvelle édition, revue et augmentée 
260 |a Paris, Francia:  |b Van Dieren, Éditeur,  |c 2000. 
300 |a 235 páginas 
583 |k GC  |c 20240625 
650 0 |9 889738  |a Teología del proceso 
650 0 |9 266622  |a Dios   |x Dinamismo 
942 |2 ddc  |c BK 
952 |0 0  |1 0  |2 ddc  |4 0  |6 230_046000000000000_GOU_2000  |7 0  |8 A  |9 595192  |a BIBTEO  |b BIBTEO  |d 2024-06-25  |e 1  |g 41957.00  |i 5661582  |o 230.046 GOU 2000  |p 5661582  |r 2025-01-17  |t 1  |v 41957.00  |w 2024-06-25  |y BK  |k ICR